Statistiques concernant Gares de la Loire

Cliquez ici pour prendre le quiz!

Statistiques générales

  • Ce quiz a été pris 61 fois
  • Le résultat moyen est 16 sur 28

Statistiques - réponses

Nombre de voyageursGares% Correct
852 143Roanne
98%
3 387 131Saint Etienne Châteaucreux
95%
213 812Firminy
93%
620 745Saint Chamond
90%
166 886Feurs
88%
658 605Rive de Gier
86%
111 406Saint Etienne Carnot
86%
92 732Saint Etienne la Terrasse
86%
136 654Montbrison
83%
44 812Saint Etienne le Clapier
83%
112 336Saint Etienne Bellevue
81%
77 133Le Coteau
79%
25 637Andrézieux
76%
28 741Le Chambon Feugerolles
60%
7 720La Ricamarie
52%
77 780Balbigny
50%
11 921Boën
48%
33 990Bouthéon
48%
100 717Montrond les Bains
48%
78 751Veauche - Saint Galmier
40%
6 627La Fouillouse
33%
11 269Saint Jodard
26%
57 138Bonson
24%
18 364Sury le Comtal
24%
19 050Saint Victor - Thizy
21%
39 049Régny
19%
40 735Saint Romain le Puy
19%
434Fraisse - Unieux
10%

Distribution des résultats

Percentile par nombre de réponses

% des personnes avec chaque résultat

Votre développement - résultats

Vous n’avez pas pris ce quiz